[Event "1st FIDE OWCCCC Pools-East 2021"]
[Site "Online"]
[Date "2021.02.19"]
[Round "6"]
[White "Myshakov, Fedor"]
[Black "Joergensen, Mads"]
[Result "1-0"]
[WhiteElo "2305"]
[BlackElo "1513"]
[Annotator "ChessBase"]
[PlyCount "93"]
[EventDate "2021.02.19"]
[EventType "team-tourn"]
[EventCountry "NET"]
[SourceTitle "playchess.com"]
[Source "ChessBase"]
[SourceQuality "1"]

1. c4 e5 2. Nc3 Nf6 3. Nf3 Nc6 4. g3 Bb4 5. Qc2 O-O 6. Bg2 Bc5 7. O-O Nd4 8. Nxd4 Bxd4 9. Ne4 c6 10. Nd6 Bc5 11. Nxc8 Rxc8 12. a3 a6 13. b4 Bb6 14. Bb2 Bc7 15. a4 d5 16. cxd5 Nxd5 17. Qb3 Nf6 18. Rfd1 Qd7 19. d4 Qf5 20. dxe5 Bxe5 21. e4 Nxe4 22. Bxe4 Qxe4 23. Re1 Qd5 24. Qxd5 cxd5 25. Bxe5 Rc4 26. Rad1 Rd8 27. Rd4 b5 28. a5 Re8 29. Rxc4 dxc4 30. Bc3 Rxe1+ 31. Bxe1 f5 32. Kg2 Kf7 33. Kf3 Ke6 34. Bc3 g6 35. Kf4 h6 36. h4 Kf7 37. Ke5 Ke7 38. h5 Kf7 39. f3 Kg7 40. Ke6+ Kh7 41. Kf6 gxh5 42. Kxf5 Kg8 43. Kg6 Kf8 44. Kxh6 Kf7 45. Kxh5 Ke6 46. Kg5 Kd5 47. Kf5 1-0

[Event "1st FIDE OWCCCC Pools-East 2021"]
[Site "Online"]
[Date "2021.02.19"]
[Round "6"]
[White "Tambini, Jasper"]
[Black "Kretov, Evgenij"]
[Result "0-1"]
[WhiteElo "2040"]
[BlackElo "2269"]
[Annotator "ChessBase"]
[PlyCount "120"]
[EventDate "2021.02.19"]
[EventType "team-tourn"]
[EventCountry "NET"]
[SourceTitle "playchess.com"]
[Source "ChessBase"]
[SourceQuality "1"]

1. e4 c5 2. Nc3 Nc6 3. f4 g6 4. Nf3 Bg7 5. Bb5 Nd4 6. O-O Nxb5 7. Nxb5 d6 8. Nc3 e6 9. d3 Ne7 10. Be3 O-O 11. e5 b6 12. Ne4 Nf5 13. Bf2 d5 14. Ng3 d4 15. Nxf5 exf5 16. Bh4 Qd5 17. Qe1 Bb7 18. Qg3 Rfe8 19. Rae1 b5 20. Bf6 h6 21. Nh4 Qe6 22. Bxg7 Kxg7 23. b3 a5 24. Nf3 a4 25. Ra1 Ra6 26. h4 Kh7 27. Qf2 Rd8 28. Rac1 Qd5 29. c4 dxc3 30. Rxc3 Rc8 31. Rfc1 axb3 32. axb3 Rac6 33. Qc2 b4 34. Rc4 Ba6 35. d4 Bxc4 36. bxc4 Qe4 37. d5 Ra6 38. Qxe4 fxe4 39. Nd2 e3 40. Ne4 b3 41. Rb1 Rb6 42. Rb2 Rb4 43. Nd6 Ra8 44. e6 fxe6 45. dxe6 Rb6 46. Ne4 Rxe6 47. Nxc5 e2 48. Nd3 e1=Q+ 49. Nxe1 Rxe1+ 50. Kf2 Rc1 51. Rxb3 Rxc4 52. Rb7+ Kg8 53. Kg3 Rf8 54. Rb6 Kg7 55. Rb7+ Rf7 56. Rb6 Rcxf4 57. Kh3 h5 58. g3 Rf3 59. Rb5 Re7 60. Rg5 Rf5 0-1

[Event "1st FIDE OWCCCC Pools-East 2021"]
[Site "Online"]
[Date "2021.02.20"]
[Round "6.1"]
[White "Giri, Anish"]
[Black "Bregadze, Levan"]
[Result "1-0"]
[WhiteElo "2764"]
[BlackElo "2454"]
[Annotator "TA"]
[PlyCount "59"]
[EventDate "2021.02.19"]
[EventType "team-tourn"]
[EventCountry "NET"]
[SourceTitle "playchess.com"]
[Source "ChessBase"]
[SourceQuality "1"]

1. e4 g6 2. d4 Bg7 3. Nf3 d6 4. Be3 c6 5. c4 a6 6. Be2 Nf6 7. Nc3 O-O 8. O-O b5 9. a3 bxc4 10. Bxc4 d5 11. Bd3 dxe4 12. Nxe4 Nbd7 13. Rc1 Nb6 14. Nxf6+ Bxf6 15. Be4 Nd5 16. Bh6 Re8 17. Ne5 Bxe5 18. dxe5 Be6 19. Rxc6 Qd7 20. Rxe6 fxe6 21. Qg4 Kh8 22. Rd1 Qa4 23. Rd3 Rad8 24. h3 Qa5 25. Rf3 Nc7 26. Rf7 Rg8 27. Qh4 Rd1+ 28. Kh2 Qxe5+ 29. Bf4 Qh5 30. Qxh5 1-0

[Event "1st FIDE OWCCCC Pools-East 2021"]
[Site "Online"]
[Date "2021.02.20"]
[Round "6.1"]
[White "Meier, Georg"]
[Black "Unuk, Laura"]
[Result "1-0"]
[WhiteElo "2628"]
[BlackElo "2389"]
[Annotator "ChessBase"]
[PlyCount "153"]
[EventDate "2021.02.19"]
[EventType "team-tourn"]
[EventCountry "NET"]
[SourceTitle "playchess.com"]
[Source "ChessBase"]
[SourceQuality "1"]

1. Nf3 Nf6 2. g3 d5 3. Bg2 Bg4 4. h3 Bh5 5. O-O c6 6. c4 dxc4 7. a4 Nbd7 8. Na3 Bxf3 9. Bxf3 e5 10. Nxc4 e4 11. Bg2 Bc5 12. Qb3 Nb6 13. a5 Nxc4 14. Qxc4 Qe7 15. Ra4 Rd8 16. e3 O-O 17. Bxe4 Nxe4 18. Qxe4 Qxe4 19. Rxe4 Rd3 20. Rc4 Be7 21. a6 bxa6 22. Rxc6 a5 23. Rc7 Bb4 24. Rd1 h5 25. Kf1 Rfd8 26. Ke2 f6 27. Rxa7 Kh7 28. Rc7 Kg6 29. Rc4 Kf5 30. g4+ hxg4 31. hxg4+ Ke6 32. Rh1 R8d7 33. Rc2 Kf7 34. Rh5 Ke6 35. Rb5 Kf7 36. Rh5 Kg6 37. Rf5 Rd8 38. Rb5 R8d7 39. f4 Rd8 40. g5 R8d7 41. gxf6 gxf6 42. Rb6 Kg7 43. Rb8 Kg6 44. Rb5 Kg7 45. Rb6 Rd8 46. Rc7+ Kg8 47. Rc2 Kg7 48. f5 R8d7 49. Rb8 R3d5 50. e4 Rd4 51. Re8 Kf7 52. Re6 Rd3 53. Rcc6 Bxd2 54. Rxf6+ Kg7 55. Rg6+ Kf7 56. Bxd2 Rxd2+ 57. Ke3 R7d3+ 58. Kf4 Rxb2 59. Rc7+ Kf8 60. Ra6 Rd8 61. Rxa5 Re8 62. e5 Rf2+ 63. Kg5 Re2 64. e6 Rh2 65. Kg6 Rg2+ 66. Kf6 Rh2 67. Raa7 Rh6+ 68. Kg5 Rh1 69. Rh7 Rxh7 70. Rxh7 Kg8 71. Kg6 Ra8 72. Rd7 Kf8 73. f6 Rb8 74. e7+ Ke8 75. Rd8+ Rxd8 76. exd8=Q+ Kxd8 77. Kg7 1-0

[Event "1st FIDE OWCCCC Pools-East 2021"]
[Site "Online"]
[Date "2021.02.20"]
[Round "6.1"]
[White "Batchuluun, Tsegmed"]
[Black "Shuvalova, Polina"]
[Result "1-0"]
[WhiteElo "2536"]
[BlackElo "2476"]
[Annotator "ChessBase"]
[PlyCount "81"]
[EventDate "2021.02.19"]
[EventType "team-tourn"]
[EventCountry "NET"]
[SourceTitle "playchess.com"]
[Source "ChessBase"]
[SourceQuality "1"]

1. d4 Nf6 2. c4 e6 3. Nf3 d5 4. Nc3 c5 5. cxd5 Nxd5 6. e4 Nxc3 7. bxc3 cxd4 8. cxd4 Bb4+ 9. Bd2 Bxd2+ 10. Qxd2 O-O 11. Rc1 b6 12. Bd3 Bb7 13. O-O h6 14. Rfe1 Nd7 15. a4 Rc8 16. Rb1 Qc7 17. a5 bxa5 18. Rec1 Qb8 19. Rxc8 Qxc8 20. Qxa5 a6 21. Nd2 Nf6 22. f3 Qd7 23. Qb6 a5 24. Nc4 Ba8 25. Nxa5 Rd8 26. Ba6 Kh7 27. Nb3 Bc6 28. d5 exd5 29. e5 Nh5 30. Bd3+ g6 31. Rc1 Rc8 32. Ba6 Rc7 33. Nd4 Qe7 34. Nxc6 Qg5 35. Rc2 Rd7 36. Bc8 Qh4 37. Rf2 Rd8 38. Qxd8 Qf4 39. Ne7 Qc1+ 40. Rf1 Qe3+ 41. Kh1 1-0

[Event "1st FIDE OWCCCC Pools-East 2021"]
[Site "Online"]
[Date "2021.02.20"]
[Round "6.1"]
[White "Roseneck, Jonas"]
[Black "Korobov, Anton"]
[Result "0-1"]
[WhiteElo "2401"]
[BlackElo "2683"]
[Annotator "TA"]
[PlyCount "80"]
[EventDate "2021.02.19"]
[EventType "team-tourn"]
[EventCountry "NET"]
[SourceTitle "playchess.com"]
[Source "ChessBase"]
[SourceQuality "1"]

1. e4 c5 2. Nf3 d6 3. d4 cxd4 4. Nxd4 Nf6 5. Nc3 a6 6. h3 Nc6 7. g4 Qb6 8. Nb3 e6 9. g5 Nd7 10. Be3 Qc7 11. Qd2 b5 12. O-O-O Nce5 13. f4 Nc4 14. Bxc4 bxc4 15. Nd4 Rb8 16. f5 Ne5 17. Rhf1 Qb6 18. b3 cxb3 19. cxb3 Qa5 20. Kb1 Be7 21. f6 gxf6 22. gxf6 Bf8 23. Ka1 Rg8 24. Bf4 Bd7 25. Rc1 Rc8 26. Rfd1 Rg6 27. Bxe5 Qxe5 28. Nf3 Qxf6 29. Rf1 Rg3 30. e5 Qh6 31. Qf2 Qf4 32. Ne2 Rxc1+ 33. Rxc1 Rxf3 34. Qa7 Qxe5+ 35. Nd4 Bg7 36. Rc4 Qe1+ 37. Kb2 Rf2+ 38. Ka3 Qa5+ 39. Ra4 Qc5+ 40. Qxc5 dxc5 0-1

[Event "1st FIDE OWCCCC Pools-East 2021"]
[Site "Online"]
[Date "2021.02.20"]
[Round "6.1"]
[White "Berend, Elvira"]
[Black "Nepomniachtchi, Ian"]
[Result "0-1"]
[WhiteElo "2326"]
[BlackElo "2789"]
[Annotator "TA"]
[PlyCount "62"]
[EventDate "2021.02.19"]
[EventType "team-tourn"]
[EventCountry "NET"]
[SourceTitle "playchess.com"]
[Source "ChessBase"]
[SourceQuality "1"]

1. e4 c5 2. Nf3 d6 3. c3 Nf6 4. h3 Nc6 5. Bd3 g5 6. Bb5 g4 7. hxg4 Bxg4 8. Qa4 Bd7 9. d3 a6 10. Bxc6 Bxc6 11. Qc2 c4 12. Nbd2 cxd3 13. Qxd3 Rg8 14. g3 Qd7 15. Nd4 Rg4 16. f3 Rxg3 17. Nxc6 Qxc6 18. Kf2 Rg6 19. Nc4 Rc8 20. Ne3 e6 21. Bd2 Qb6 22. b3 d5 23. e5 Nd7 24. Rxh7 Nxe5 25. Qd4 Qxd4 26. cxd4 Nd3+ 27. Ke2 Nf4+ 28. Kf2 Bg7 29. Ng4 Bxd4+ 30. Kf1 Bxa1 31. Bxf4 Rc2 0-1

[Event "1st FIDE OWCCCC Pools-East 2021"]
[Site "Online"]
[Date "2021.02.20"]
[Round "6.2"]
[White "Lizak, Peter"]
[Black "Alcaraz Ortega, Javier"]
[Result "1-0"]
[WhiteElo "2433"]
[BlackElo "2314"]
[Annotator "NA"]
[PlyCount "55"]
[EventDate "2021.02.19"]
[EventType "team-tourn"]
[EventCountry "NET"]
[SourceTitle "playchess.com"]
[Source "ChessBase"]
[SourceQuality "1"]

1. e4 d5 2. exd5 Qxd5 3. Nc3 Qa5 4. d4 Nf6 5. Nf3 Bg4 6. h3 Bh5 7. g4 Bg6 8. Ne5 c6 9. Bg2 Nbd7 10. Qe2 Nd5 11. Bd2 Nxc3 12. Bxc3 Qc7 13. f4 Nxe5 14. dxe5 e6 15. Rf1 h6 16. f5 Bh7 17. O-O-O Be7 18. Be4 exf5 19. gxf5 O-O 20. f6 Bc5 21. e6 fxe6 22. Bxh7+ Kxh7 23. fxg7 Rxf1 24. Rxf1 Re8 25. Qe4+ Kg8 26. Qg6 e5 27. Qxe8+ Kxg7 28. Bxe5+ 1-0

[Event "1st FIDE OWCCCC Pools-East 2021"]
[Site "Online"]
[Date "2021.02.20"]
[Round "6.2"]
[White "Lapcevic, Milos"]
[Black "Karaia, Alika"]
[Result "1-0"]
[WhiteElo "2371"]
[BlackElo "1523"]
[Annotator "NA"]
[PlyCount "77"]
[EventDate "2021.02.19"]
[EventType "team-tourn"]
[EventCountry "NET"]
[SourceTitle "playchess.com"]
[Source "ChessBase"]
[SourceQuality "1"]

1. d4 Nf6 2. c4 g6 3. Nc3 Bg7 4. e4 d6 5. Be2 O-O 6. Bg5 h6 7. Be3 e5 8. d5 Na6 9. Qd2 Nc5 10. f3 a5 11. g4 c6 12. h4 cxd5 13. cxd5 h5 14. g5 Ne8 15. Nh3 a4 16. Nf2 Bd7 17. Rc1 Kh7 18. Nb5 b6 19. Na3 Qb8 20. Bb5 Bxb5 21. Nxb5 f5 22. gxf6 Nxf6 23. Nh3 Nfd7 24. Ng5+ Kh8 25. O-O Bf6 26. Kh2 Ra5 27. Qe2 Be7 28. Rg1 Rf6 29. Rg3 Qb7 30. Nc3 b5 31. Rcg1 b4 32. Nd1 Qb5 33. Qg2 Nf8 34. Bxc5 Qxc5 35. Ne6 Nxe6 36. dxe6 Qc8 37. Rxg6 Qxe6 38. Rh6+ Rxh6 39. Qg7# 1-0

[Event "1st FIDE OWCCCC Pools-East 2021"]
[Site "Online"]
[Date "2021.02.20"]
[Round "6.2"]
[White "Kadatsky, Alexander"]
[Black "Sebe-Vodislav, Razvan-Alexandru"]
[Result "1-0"]
[WhiteElo "2368"]
[BlackElo "2270"]
[Annotator "NA"]
[PlyCount "53"]
[EventDate "2021.02.19"]
[EventType "team-tourn"]
[EventCountry "NET"]
[SourceTitle "playchess.com"]
[Source "ChessBase"]
[SourceQuality "1"]

1. e4 c5 2. Nf3 d6 3. Nc3 g6 4. d4 cxd4 5. Qxd4 Nf6 6. e5 Nc6 7. Bb5 Nd7 8. Bxc6 bxc6 9. exd6 e5 10. Nxe5 Bg7 11. Bf4 O-O 12. O-O-O c5 13. Qd5 Rb8 14. Nc6 Qf6 15. Bg5 Qe6 16. Qxe6 fxe6 17. Nxb8 Nxb8 18. f3 Bd7 19. Ne4 c4 20. Nc5 c3 21. bxc3 Bxc3 22. Rd3 Bb4 23. Nxd7 Nxd7 24. Rhd1 Rc8 25. Rb3 a5 26. a3 Bc5 27. Rb7 1-0

[Event "1st FIDE OWCCCC Pools-East 2021"]
[Site "Online"]
[Date "2021.02.20"]
[Round "6.2"]
[White "Kretov, Evgenij"]
[Black "Schuetze, Norman"]
[Result "1/2-1/2"]
[WhiteElo "2269"]
[BlackElo "2310"]
[Annotator "NA"]
[PlyCount "99"]
[EventDate "2021.02.19"]
[EventType "team-tourn"]
[EventCountry "NET"]
[SourceTitle "playchess.com"]
[Source "ChessBase"]
[SourceQuality "1"]

1. d4 d5 2. c4 e6 3. Nc3 Bb4 4. Nf3 Nf6 5. Bg5 dxc4 6. e3 b5 7. a4 c6 8. axb5 cxb5 9. Nd2 Qd7 10. Bxf6 gxf6 11. Qf3 Bb7 12. Qxf6 Rg8 13. f3 a6 14. Kf2 Nc6 15. Nde4 Be7 16. Qf4 f5 17. Nc5 Bxc5 18. dxc5 O-O-O 19. Rd1 Qc7 20. Rd6 Nb4 21. Be2 Qxc5 22. Rhd1 Rge8 23. Rxd8+ Rxd8 24. Rxd8+ Kxd8 25. Qh4+ Qe7 26. Qd4+ Kc8 27. g3 Kb8 28. e4 fxe4 29. Nxe4 Bxe4 30. Qxe4 Nd5 31. Qe5+ Kb7 32. f4 Qc5+ 33. Kf3 c3 34. bxc3 Qxc3+ 35. Qxc3 Nxc3 36. Bd3 h6 37. g4 a5 38. g5 hxg5 39. fxg5 a4 40. g6 a3 41. g7 a2 42. g8=Q a1=Q 43. Qf7+ Kb8 44. Qe8+ Kc7 45. Qe7+ Kb8 46. Qd6+ Kb7 47. Qd7+ Kb8 48. Qd6+ Kb7 49. Qd7+ Kb8 50. Qd6+ 1/2-1/2

[Event "1st FIDE OWCCCC Pools-East 2021"]
[Site "Online"]
[Date "2021.02.20"]
[Round "6.2"]
[White "Faizrakhmanov, Nijaz"]
[Black "Lkhagvasuren, Zolboo"]
[Result "1-0"]
[WhiteElo "1699"]
[BlackElo "1888"]
[Annotator "NA"]
[PlyCount "63"]
[EventDate "2021.02.19"]
[EventType "team-tourn"]
[EventCountry "NET"]
[SourceTitle "playchess.com"]
[Source "ChessBase"]
[SourceQuality "1"]

1. e4 c5 2. a3 d6 3. b4 b6 4. Nc3 Nf6 5. g3 Bb7 6. Bg2 Nbd7 7. Nge2 Rb8 8. O-O g6 9. d3 Bg7 10. Rb1 O-O 11. h3 cxb4 12. axb4 Qc8 13. Rb3 Ne8 14. Bd2 f5 15. Nf4 Nc7 16. Ncd5 Bxd5 17. exd5 Ne5 18. Re1 Qd7 19. c4 b5 20. c5 dxc5 21. bxc5 Rfe8 22. Bc3 g5 23. Nh5 Nxd5 24. Bxe5 Bxe5 25. Rxe5 Nf6 26. c6 Qd6 27. Rxf5 Nxh5 28. Qxh5 h6 29. Rbxb5 Rxb5 30. Qxe8+ Kg7 31. Qf8+ Kg6 32. Qf7# 1-0

[Event "1st FIDE OWCCCC Pools-East 2021"]
[Site "Online"]
[Date "2021.02.20"]
[Round "6.3"]
[White "Pardo Simon, David"]
[Black "Papp, Petra"]
[Result "1/2-1/2"]
[WhiteElo "2461"]
[BlackElo "2336"]
[Annotator "ChessBase"]
[PlyCount "140"]
[EventDate "2021.02.19"]
[EventType "team-tourn"]
[EventCountry "NET"]
[SourceTitle "playchess.com"]
[Source "ChessBase"]
[SourceQuality "1"]

1. Nf3 Nf6 2. b3 d5 3. Bb2 Bf5 4. g3 e6 5. Bg2 h6 6. O-O Be7 7. d3 O-O 8. Nbd2 c5 9. Re1 Nc6 10. e4 dxe4 11. dxe4 Bh7 12. Qe2 Qc7 13. a3 e5 14. Nc4 Nd4 15. Nxd4 cxd4 16. a4 Bb4 17. Rf1 Rfe8 18. Ba3 Bxa3 19. Nxa3 Nd7 20. Rfd1 Bg6 21. f3 f6 22. Bf1 Bf7 23. Qb5 a6 24. Qb4 Qc5 25. Qxc5 Nxc5 26. Bc4 Red8 27. Kf1 Kf8 28. a5 Rac8 29. Bxf7 Kxf7 30. Nc4 Ke6 31. Rab1 d3 32. cxd3 Nxd3 33. Nb6 Rc2 34. Nd5 Nc5 35. b4 Na4 36. b5 Rxh2 37. bxa6 Rh1+ 38. Ke2 Rxd1 39. Rxd1 bxa6 40. Nc7+ Ke7 41. Rxd8 Kxd8 42. Nxa6 Kd7 43. Nb4 Kd6 44. a6 Kc5 45. a7 Nb6 46. Nd5 Na8 47. Ne7 h5 48. Nf5 g6 49. Ne7 g5 50. Ng8 h4 51. gxh4 gxh4 52. Nxf6 Kb6 53. Ng4 Kxa7 54. Nxe5 Kb6 55. Kf2 Kc5 56. Ng6 h3 57. Kg3 Kd4 58. Kxh3 Nc7 59. Kg3 Ne6 60. Nf4 Nc5 61. Ne2+ Ke3 62. e5 Kxe2 63. f4 Ke3 64. f5 Kd4 65. e6 Ne4+ 66. Kf4 Kd5 67. e7 Nd6 68. Kg5 Ke5 69. f6 Ke6 70. Kg6 Kd7 1/2-1/2

[Event "1st FIDE OWCCCC Pools-East 2021"]
[Site "Online"]
[Date "2021.02.20"]
[Round "6.3"]
[White "Munguntuul, Batkhuyag"]
[Black "Dudarev, Nikolai"]
[Result "1/2-1/2"]
[WhiteElo "2428"]
[BlackElo "2169"]
[Annotator "NA"]
[PlyCount "150"]
[EventDate "2021.02.19"]
[EventType "team-tourn"]
[EventCountry "NET"]
[SourceTitle "playchess.com"]
[Source "ChessBase"]
[SourceQuality "1"]

1. e4 e5 2. Nf3 Nc6 3. Bb5 a6 4. Ba4 d6 5. c3 f5 6. d3 Nf6 7. Nbd2 Be7 8. O-O O-O 9. Bb3+ Kh8 10. Ng5 d5 11. exd5 Nxd5 12. Ndf3 Bf6 13. Re1 g6 14. h4 h6 15. d4 e4 16. Ne5 Kg7 17. Nh3 Nde7 18. Qd2 Ng8 19. Bxg8 Kxg8 20. Nxg6 Rf7 21. Qxh6 Rh7 22. Qe3 Qe8 23. Nhf4 Bxh4 24. Nxh4 Rxh4 25. Qg3+ Rg4 26. Qh3 Qf7 27. Bd2 Bd7 28. b3 Qg7 29. Nh5 Qg6 30. Nf4 Qg7 31. Rad1 Rf8 32. Kf1 Ne7 33. Be3 Ng6 34. g3 Nxf4 35. Bxf4 Kf7 36. Qh5+ Qg6 37. Qxg6+ Rxg6 38. Ke2 Rh8 39. Rh1 Rgg8 40. Ke3 Kg6 41. Bxc7 Rxh1 42. Rxh1 Rc8 43. Bf4 Rxc3+ 44. Kd2 Rd3+ 45. Ke2 Bb5 46. Rh6+ Kg7 47. Ke1 Rxd4 48. Rb6 Rd7 49. Be5+ Kh7 50. Rf6 Rd5 51. Rxf5 Bc6 52. g4 Kg6 53. Kf1 Bd7 54. Rf6+ Kg5 55. Rd6 Rxd6 56. Bxd6 Kxg4 57. Ke2 Bc6 58. Ke3 Kf5 59. Kd4 Ke6 60. Bg3 Kd7 61. Kc5 Ke6 62. Kd4 Kd7 63. a3 Ke6 64. b4 Kd7 65. Bf4 Ke6 66. Bg3 Kd7 67. Ke5 Ke7 68. Bh4+ Kd7 69. Bg5 Kc7 70. Bf4 Kb6 71. Kd4 Kb5 72. Kc3 Ka4 73. Kb2 Bd5 74. Be3 Bc6 75. Bd4 Bd5 1/2-1/2

[Event "1st FIDE OWCCCC Pools-East 2021"]
[Site "Online"]
[Date "2021.02.20"]
[Round "6.3"]
[White "Klek, Hanna Marie"]
[Black "Vymazal, Bronislav"]
[Result "1/2-1/2"]
[WhiteElo "2302"]
[BlackElo "2350"]
[Annotator "NA"]
[PlyCount "97"]
[EventDate "2021.02.19"]
[EventType "team-tourn"]
[EventCountry "NET"]
[SourceTitle "playchess.com"]
[Source "ChessBase"]
[SourceQuality "1"]

1. e4 b6 2. d4 Bb7 3. Nc3 e6 4. Bd3 Nf6 5. Nf3 Bb4 6. Qe2 d5 7. exd5 Qxd5 8. O-O Bxc3 9. bxc3 O-O 10. c4 Qh5 11. Ne5 Qxe2 12. Bxe2 Nbd7 13. Bf4 c5 14. c3 Rac8 15. f3 Rfd8 16. g4 Ne8 17. Rfd1 Nxe5 18. Bxe5 Ba6 19. Rac1 f6 20. Bg3 Kf7 21. Kf2 Ke7 22. d5 e5 23. f4 exf4 24. Bxf4 Nd6 25. Bd3 g6 26. Re1+ Kf7 27. Rcd1 Rd7 28. Rd2 Bxc4 29. Bxd6 Bxd3 30. Re6 Bc4 31. g5 fxg5 32. Be5 Rxd5 33. Rf6+ Kg8 34. Rxd5 Bxd5 35. Rd6 Bc6 36. c4 Kf7 37. Bf6 g4 38. Bg5 h5 39. Kg3 Rc7 40. Kf4 Bf3 41. Ke5 Rb7 42. Rf6+ Kg7 43. Rd6 Rf7 44. Bf6+ Kg8 45. Rd8+ Rf8 46. Rd7 Rf7 47. Rd8+ Rf8 48. Rd7 Rf7 49. Rd8+ 1/2-1/2

[Event "1st FIDE OWCCCC Pools-East 2021"]
[Site "Online"]
[Date "2021.02.20"]
[Round "6.3"]
[White "Mertens, Fridolin"]
[Black "Myshakov, Fedor"]
[Result "1-0"]
[WhiteElo "2143"]
[BlackElo "2298"]
[Annotator "NA"]
[PlyCount "85"]
[EventDate "2021.02.19"]
[EventType "team-tourn"]
[EventCountry "NET"]
[SourceTitle "playchess.com"]
[Source "ChessBase"]
[SourceQuality "1"]

1. e4 c6 2. c4 d5 3. cxd5 cxd5 4. exd5 Qxd5 5. Nc3 Qd8 6. Nf3 Nf6 7. Bc4 e6 8. O-O Be7 9. d4 O-O 10. Bf4 Nbd7 11. Bb3 Nb6 12. Bc2 Nbd5 13. Be5 b6 14. a3 Bb7 15. Qd3 g6 16. Rad1 Rc8 17. Ne2 Re8 18. Bb1 Bf8 19. h4 Bg7 20. Ng5 Qd7 21. Ng3 Bc6 22. h5 Bb5 23. Qf3 Bxf1 24. Rxf1 Qc6 25. N3e4 Rf8 26. Bxf6 Nxf6 27. Nxf6+ Kh8 28. Be4 Qb5 29. Ngxh7 Rfd8 30. hxg6 fxg6 31. Qh3 Bxf6 32. Nxf6+ Kg7 33. Qxe6 Rc7 34. Nd5 Rf7 35. Qxg6+ Kf8 36. Qh6+ Ke8 37. Re1 Kd7 38. Nc3 Qxb2 39. Qc6+ Ke7 40. Bg6+ Kf8 41. Bxf7 Kxf7 42. Qe6+ Kg7 43. Qe7+ 1-0

[Event "1st FIDE OWCCCC Pools-East 2021"]
[Site "Online"]
[Date "2021.02.20"]
[Round "6.3"]
[White "Stanic, Zoran"]
[Black "Lavrov, Maxim"]
[Result "0-1"]
[WhiteElo "2131"]
[BlackElo "2401"]
[Annotator "NA"]
[PlyCount "88"]
[EventDate "2021.02.19"]
[EventType "team-tourn"]
[EventCountry "NET"]
[SourceTitle "playchess.com"]
[Source "ChessBase"]
[SourceQuality "1"]

1. e4 e5 2. Bc4 Nf6 3. d3 Bc5 4. Nf3 d6 5. c3 Nc6 6. Nbd2 O-O 7. Bb3 a6 8. h3 d5 9. Qe2 Re8 10. Nf1 h6 11. Ng3 Be6 12. Bd2 Qd7 13. O-O-O a5 14. Ba4 Qd6 15. Nh4 dxe4 16. dxe4 Qf8 17. Kb1 Red8 18. Nhf5 Ne7 19. Qf3 Nxf5 20. Nxf5 Bxf5 21. Qxf5 Qe7 22. g4 Qe6 23. Qxe6 fxe6 24. f3 Rd3 25. Rhf1 Rad8 26. Bc1 Rxd1 27. Rxd1 Rxd1 28. Bxd1 g5 29. Bb3 Kf7 30. a4 c6 31. Bc4 Ne8 32. Bd2 Nd6 33. Bf1 Kf6 34. h4 gxh4 35. Bxh6 Nf7 36. Kc2 Nxh6 37. Kd3 Nf7 38. Kc4 Bb6 39. Kd3 Kg5 40. b4 Kf4 41. Ke2 Ng5 42. Bg2 Kg3 43. Kf1 h3 44. Bh1 Kh2 0-1

[Event "1st FIDE OWCCCC Pools-East 2021"]
[Site "Online"]
[Date "2021.02.20"]
[Round "6.4"]
[White "Andreikin, Dmitry"]
[Black "Munkhzul, Davaakhuu"]
[Result "0-1"]
[WhiteElo "2725"]
[BlackElo "1991"]
[Annotator "ChessBase"]
[PlyCount "158"]
[EventDate "2021.02.19"]
[EventType "team-tourn"]
[EventCountry "NET"]
[SourceTitle "playchess.com"]
[Source "ChessBase"]
[SourceQuality "1"]

1. e4 e5 2. Nf3 Nc6 3. Bb5 a6 4. Ba4 Nf6 5. Qe2 b5 6. Bb3 Bc5 7. a4 Rb8 8. axb5 axb5 9. c3 O-O 10. O-O d6 11. h3 h6 12. Rd1 Re8 13. d3 Bb6 14. Nbd2 Ne7 15. Nf1 Ng6 16. Ng3 d5 17. Nf5 Nf4 18. Bxf4 exf4 19. Qf1 Bxf5 20. exf5 Qd7 21. d4 Qxf5 22. Ne5 Ne4 23. Nf3 b4 24. Bc2 bxc3 25. bxc3 Qf6 26. Qd3 c5 27. Ra6 c4 28. Qf1 Nxc3 29. Ne5 Qd6 30. Rd2 Ra8 31. Qa1 Rxa6 32. Qxa6 Qc7 33. Bf5 Qa7 34. Qxa7 Bxa7 35. Nc6 Bb6 36. Nb4 Ne2+ 37. Kf1 Nxd4 38. Nxd5 Ba5 39. Rd1 Nxf5 40. Rc1 Rc8 41. Ke2 Rc5 42. Nxf4 c3 43. Nd3 Rc8 44. Ne5 Re8 45. f4 f6 46. Kd3 fxe5 47. Ra1 Ra8 48. fxe5 Ra7 49. g4 Ne7 50. Rb1 Kf7 51. Rb8 Rd7+ 52. Kc2 Rd2+ 53. Kc1 Rh2 54. Rb5 Bc7 55. Rc5 Bb8 56. Rxc3 Bxe5 57. Rf3+ Bf6 58. Kd1 Ng6 59. Rb3 Ne5 60. Ke1 Bh4+ 61. Kf1 Rc2 62. Re3 Ng6 63. Rb3 Kg8 64. Rb8+ Kh7 65. Rb4 Rh2 66. Rb3 Nf4 67. Rf3 Rf2+ 68. Rxf2 Bxf2 69. Kxf2 Nxh3+ 70. Kg3 Ng5 71. Kf4 Kg6 72. Ke5 Nf3+ 73. Kf4 Nd4 74. Ke4 Ne6 75. Kf3 Kg5 76. Kg3 Nd4 77. Kh3 Nc6 78. Kg3 Ne5 79. Kh3 Nxg4 0-1

[Event "1st FIDE OWCCCC Pools-East 2021"]
[Site "Online"]
[Date "2021.02.20"]
[Round "6.4"]
[White "Torma, Robert"]
[Black "Menoncello, Lucrezia"]
[Result "1-0"]
[WhiteElo "2424"]
[BlackElo "1001"]
[Annotator "NA"]
[PlyCount "65"]
[EventDate "2021.02.19"]
[EventType "team-tourn"]
[EventCountry "NET"]
[SourceTitle "playchess.com"]
[Source "ChessBase"]
[SourceQuality "1"]

1. d4 d5 2. c4 e6 3. Nc3 Nc6 4. Nf3 Nf6 5. Bg5 Be7 6. e3 h6 7. Bxf6 Bxf6 8. Qb3 O-O 9. cxd5 exd5 10. Nxd5 Be6 11. Nxf6+ Qxf6 12. Qc3 Bg4 13. Be2 a6 14. O-O Qg6 15. Nh4 Qg5 16. Bxg4 Qxh4 17. Bf3 Qf6 18. Rac1 Ne7 19. Qxc7 b5 20. Bxa8 Rxa8 21. Qe5 Qxe5 22. dxe5 Nf5 23. Rfd1 Kh7 24. e4 Ne7 25. Rd7 Ng6 26. Rxf7 Nxe5 27. Re7 Nd3 28. Rcc7 h5 29. Rxg7+ Kh6 30. h4 Ne5 31. Rge7 Ng4 32. Re6+ Nf6 33. Rxf6# 1-0

[Event "1st FIDE OWCCCC Pools-East 2021"]
[Site "Online"]
[Date "2021.02.20"]
[Round "6.4"]
[White "Komiagina, Maria"]
[Black "Meyer, Henri"]
[Result "1-0"]
[WhiteElo "2241"]
[BlackElo "2043"]
[Annotator "NA"]
[PlyCount "107"]
[EventDate "2021.02.19"]
[EventType "team-tourn"]
[EventCountry "NET"]
[SourceTitle "playchess.com"]
[Source "ChessBase"]
[SourceQuality "1"]

1. e4 d6 2. d4 Nf6 3. Nc3 g6 4. h3 c6 5. a4 Nbd7 6. Bg5 e5 7. dxe5 dxe5 8. Qd2 Bb4 9. Qe3 Qa5 10. Bd3 Bxc3+ 11. bxc3 Qxc3+ 12. Ke2 Qxa1 13. Qf3 O-O 14. Bxf6 Nxf6 15. Qxf6 Be6 16. f4 Rad8 17. f5 Bc4 18. Bxc4 Qd1+ 19. Kf2 Qd4+ 20. Kg3 Qxc4 21. Qh4 Rd4 22. Nf3 Rxe4 23. Qh6 Re2 24. f6 Qf4+ 25. Qxf4 exf4+ 26. Kxf4 Rd8 27. Rb1 b6 28. g4 h6 29. h4 Rd5 30. Rb3 g5+ 31. hxg5 hxg5+ 32. Kg3 Re6 33. c4 Rc5 34. Rd3 Rxf6 35. Rd8+ Kg7 36. Nd4 Rxc4 37. Nf5+ Rxf5 38. gxf5 Rxa4 39. Rd6 c5 40. Rc6 Rf4 41. Rc7 b5 42. Rxc5 a6 43. Rc6 Ra4 44. Rb6 b4 45. Kg4 b3+ 46. Kxg5 f6+ 47. Kh5 Rf4 48. Rb7+ Kf8 49. Kg6 b2 50. Rxb2 Ke7 51. Rb7+ Kd6 52. Rb6+ Ke5 53. Re6+ Kd5 54. Rxa6 1-0